[Event "Santiago IRT 3rd"]
[Site "Santiago de Chile"]
[Date "2017.06.24"]
[Round "2.2"]
[White "Rakos, Ladislao"]
[Black "Chavez Betancourt, Abdon Gerardo"]
[Result "1-0"]
[WhiteElo "2035"]
[BlackElo "1714"]
[PlyCount "87"]
[EventDate "2017.06.24"]
[EventType "swiss"]
[EventRounds "5"]
[EventCountry "CHI"]
[SourceTitle "EXT 2024"]
[Source "ChessBase"]
[SourceDate "2023.10.10"]
[SourceVersion "1"]
[SourceVersionDate "2023.10.10"]
[SourceQuality "1"]

1. e4 e6 2. Nf3 d5 3. Nc3 c6 4. d4 dxe4 5. Nxe4 Nd7 6. Bd3 Be7 7. 0-0 Ngf6 8. Re1 0-0 9. c3 c5 10. Nxf6+ Nxf6 11. dxc5 Bxc5 12. Qc2 b6 13. b4 Be7 14. Ne5 Bb7 15. a3 Rc8 16. c4 a5 17. Bb2 Qc7 18. Bc3 axb4 19. axb4 Ra8 20. Rxa8 Rxa8 21. h3 h6 22. Qe2 Bd6 23. Ng4 Ne8 24. Ne5 Ra4 25. Bc2 Ra2 26. Qd3 f5 27. Bb3 Be4 28. Rxe4 fxe4 29. Qxe4 Nf6 30. Qb1 Re2 31. Ng4 Nxg4 32. hxg4 Qf7 33. Qf1 Qf4 34. g3 Qe4 35. Bd1 Ra2 36. Bb3 Ra3 37. Qd1 Be5 38. Bc2 Qa8 39. Bxe5 Qc8 40. c5 bxc5 41. bxc5 Kf8 42. Qd6+ Kg8 43. Qe7 Qf8 44. Bh7+ 1-0

[Event "Santiago Club"]
[Site "Santiago de Chile"]
[Date "2013.08.27"]
[Round "4"]
[White "Weinstein Balmaceda, Tomas"]
[Black "Rakos, Ladislao"]
[Result "1/2-1/2"]
[WhiteElo "1967"]
[BlackElo "1956"]
[PlyCount "131"]
[EventDate "2013.08.13"]
[EventType "tourn"]
[EventRounds "5"]
[EventCountry "CHI"]
[SourceTitle "EXT 2024"]
[Source "ChessBase"]
[SourceDate "2023.10.10"]
[SourceVersion "1"]
[SourceVersionDate "2023.10.10"]
[SourceQuality "1"]

1. d4 Nf6 2. Nf3 e6 3. g3 b6 4. c4 Bb7 5. Nc3 Be7 6. Bg2 0-0 7. 0-0 d6 8. Qc2 Nbd7 9. e4 e5 10. b3 Ng4 11. Bb2 exd4 12. Nxd4 Bf6 13. Rad1 Nc5 14. h3 Ne5 15. f4 Nc6 16. Nxc6 Bxc6 17. Rfe1 Bxc3 18. Qxc3 f6 19. e5 Bxg2 20. Kxg2 fxe5 21. fxe5 Qg5 22. exd6 Qg6 23. Rd4 Qf6 24. Rg4 Qxc3 25. Bxc3 Rf7 26. Re7 Rxe7 27. dxe7 Ne6 28. Re4 Kf7 29. Be5 Re8 30. Re3 Rxe7 31. h4 Rd7 32. Kf2 Rd1 33. Ke2 Rh1 34. Kd2 a6 35. Re2 c6 36. Kc2 Rf1 37. Rd2 Ke7 38. Bd6+ Ke8 39. Be5 Re1 40. Bc3 Ke7 41. Rd7+ Kxd7 42. Bxe1 h5 43. Kd3 Nc5+ 44. Kd4 Ke6 45. Bb4 Nd7 46. Ke4 g6 47. Kf4 b5 48. cxb5 axb5 49. Kg5 Kf7 50. Bd6 c5 51. a4 bxa4 52. bxa4 c4 53. Bb4 Nb8 54. a5 Na6 55. Bc3 Nc5 56. Be5 c3 57. Kh6 c2 58. Bf4 Kf6 59. Be3 Kf5 60. Bg5 Na6 61. Kh7 Nc5 62. Kh6 Ne4 63. Bc1 Nc5 64. Bg5 Na6 65. Kh7 Nb4 66. Kh6 1/2-1/2